Music Quiz

Random Music or Album Quiz

Big Sean, I Decided Quiz Stats

 Plays Quiz not verified by Sporcle

Challenge
Share
Tweet
Embed
Score 0/14 Timer 05:00
0 Plays Today
Track # Track % Correct
3Bounce Back
96.1%
6Moves
92.2%
4No Favors ft. Eminem
89.2%
2Light ft. Jeremih
88.2%
5Jump Out The Window
88.2%
9Halfway Off The Balcony
87.3%
1Intro
85.3%
Track # Track % Correct
13Sacrifices ft. Migos
79.4%
11Sunday Morning Jetpack ft. The Dream
72.5%
14Bigger Than Me ft.Flint Chozen Choir & Starrah
72.5%
8Owe Me
71.6%
12Inspire Me
70.6%
10Voices In My Head/Stick To The Plan
68.6%
7Same Time Pt. 1 ft. Twenty88
58.8%

You're not logged in!

Compare scores with friends on all Sporcle quizzes.
Join for Free
OR
Log In

You Might Also Like...

Show Comments

Extras

Top Quizzes Today


Score Distribution

Your Account Isn't Verified!

In order to create a playlist on Sporcle, you need to verify the email address you used during registration. Go to your Sporcle Settings to finish the process.

Report this User

Report this user for behavior that violates our Community Guidelines.

Details: